Statistiques concernant Robes des chevaux

Cliquez ici pour prendre le quiz!

Statistiques générales

  • Ce quiz a été pris 875 fois
  • Le résultat moyen est 4 sur 12

Statistiques - réponses

Réponse% Correct
Alezan
90%
Isabelle
77%
Palomino
70%
Gris Pommelé
58%
Rouan
40%
Souris
24%
Bai cerise
22%
Cremello
20%
Alezan crins lavés
17%
Gris clair
10%
Pie bai tobiano
3%
Alezan marmoré
0%

Distribution des résultats

Percentile par nombre de réponses

% des personnes avec chaque résultat

Votre développement - résultats

Vous n’avez pas pris ce quiz